| 000 | 00441 a2200133 4500 | ||
|---|---|---|---|
| 005 | 20250509103246.0 | ||
| 020 | _a978 1 84542 788 7 | ||
| 082 | _a658.401 JAN | ||
| 100 | _aJANSSON, H. | ||
| 245 | _aInternational Business Strategy in Emerging Country Markets : The Institutional Network Approach. | ||
| 260 |
_aCheltenham, _bEdward Elgar, _c2014. |
||
| 300 |
_aXxiii, 286p.: ill.; figure , table _bBibliography & Index _c23cm. |
||
| 942 |
_2ddc _cBKS |
||
| 999 |
_c2229 _d2229 |
||